000 00289nam a2200109Ia 4500
005 20251222143223.0
008 251222s9999||||xx |||||||||||||| ||spa||
082 _a274.74/A94H/Ej.2
100 _aAyllón Dulanto, Fernando
245 0 _aHistoria del Tribunal de la Inquisición
942 _cLIB
999 _c13882
_d13882